| 000 | 00620nam a22002057a 4500 | ||
|---|---|---|---|
| 008 | 250326b ||||| |||| 00| 0 spa d | ||
| 020 | _a978-970-26-0770-0 | ||
| 040 |
_aAR-FvUNAJ _dAR-FvUNAJ _eaacr2 |
||
| 082 | 1 | 4 |
_214 _a658.8 |
| 100 | 1 |
_aKotler, Philip _9477 |
|
| 245 | 1 | 0 |
_aMarketing : _bversión para Latinoamérica / _cPhilip Kotler, Gary Armstrong |
| 250 | _a11a.ed. | ||
| 260 |
_aMéxico : _bPearson Educación, _c2007. |
||
| 300 | _axx, 655 p. | ||
| 650 | 1 | 7 |
_2unescot _aMARKETING _9397 |
| 650 | 1 | 7 |
_2unescot _aCONSUMIDOR _9467 |
| 650 | 1 | 0 |
_aMERCADO _9404 |
| 700 | 1 |
_aArmstrong, Gary _9478 |
|
| 942 |
_2ddc _cLIBRO |
||
| 999 |
_c10882 _d10882 |
||
| 980 |
_62 _aVirginia Figueroa _82 _gVirginia Figueroa |
||